[Event "Leiden SB-ch"]
[Site "Leiden"]
[Date "2008.06.03"]
[Round "3"]
[White "Spaans, Coenraad"]
[Black "Compagnie, Luc G"]
[Result "0-1"]
[WhiteElo "1975"]
[BlackElo "2188"]
[PlyCount "30"]
[EventDate "2008.05.20"]
[EventType "swiss"]
[EventRounds "7"]
[EventCountry "NED"]
[SourceTitle "EXT 2012"]
[Source "ChessBase"]
[SourceDate "2011.11.24"]
[SourceVersion "1"]
[SourceVersionDate "2011.11.24"]
[SourceQuality "1"]

1. e4 e5 2. Nf3 Nc6 3. d4 exd4 4. Bc4 Bc5 5. 0-0 Nf6 6. e5 d5 7. Bb5 Ne4 8. Nxd4 0-0 9. Bxc6 bxc6 10. f3 f6 11. Kh1 Bxd4 12. Qxd4 fxe5 13. Qxe5 Ba6 14. Re1 Re8 15. Qd4 Ng3+ 0-1

[Event "NED-chT 0708"]
[Site "Netherlands"]
[Date "2008.03.29"]
[Round "8.9"]
[White "Compagnie, Luc G"]
[Black "De Jong, Jan Willem"]
[Result "0-1"]
[WhiteElo "2276"]
[BlackElo "2430"]
[PlyCount "72"]
[EventDate "2007.09.15"]
[EventType "team-tourn"]
[EventRounds "9"]
[EventCountry "NED"]
[SourceTitle "EXT 2009"]
[Source "ChessBase"]
[SourceDate "2008.11.26"]
[SourceVersion "1"]
[SourceVersionDate "2008.11.26"]
[SourceQuality "1"]
[WhiteTeam "Leiden LSG II"]
[BlackTeam "Calder HMC"]
[WhiteTeamCountry "NED"]
[BlackTeamCountry "NED"]

1. c4 c6 2. Nf3 d5 3. d4 Nf6 4. e3 g6 5. Bd3 Bg7 6. 0-0 0-0 7. Nc3 Bg4 8. h3 Bxf3 9. Qxf3 dxc4 10. Bxc4 Nbd7 11. Bb3 e5 12. Rd1 Qe7 13. dxe5 Nxe5 14. Qe2 Ned7 15. Bd2 a5 16. e4 Nc5 17. Bc2 Rfe8 18. Re1 Ne6 19. Be3 Nh5 20. Rad1 b5 21. Rd2 a4 22. a3 Bxc3 23. bxc3 Qxa3 24. f4 Nhxf4 25. Qf2 Nh5 26. Rd7 Qf8 27. Qh4 Qg7 28. Rf1 Rf8 29. g4 Nhf4 30. Bd2 g5 31. Qe1 Rad8 32. Rxd8 Rxd8 33. Rf3 Qe5 34. Qf2 a3 35. Bb3 Qxe4 36. Bxe6 Nxe6 0-1

[Event "NED-chT 0708"]
[Site "Netherlands"]
[Date "2007.12.15"]
[Round "5.1"]
[White "Dambacher, Martijn"]
[Black "Compagnie, Luc G"]
[Result "1-0"]
[WhiteElo "2476"]
[BlackElo "2276"]
[PlyCount "41"]
[EventDate "2007.09.15"]
[EventType "team-tourn"]
[EventRounds "9"]
[EventCountry "NED"]
[SourceTitle "EXT 2009"]
[Source "ChessBase"]
[SourceDate "2008.11.26"]
[SourceVersion "1"]
[SourceVersionDate "2008.11.26"]
[SourceQuality "1"]
[WhiteTeam "Utrecht"]
[BlackTeam "Leiden LSG II"]
[WhiteTeamCountry "NED"]
[BlackTeamCountry "NED"]

1. d4 d5 2. c4 e6 3. Nc3 c5 4. cxd5 exd5 5. Nf3 Nc6 6. g3 Nf6 7. Bg2 Be7 8. 0-0 0-0 9. Bg5 cxd4 10. Nxd4 h6 11. Be3 Re8 12. Rc1 Na5 13. Bf4 a6 14. Qd3 Bg4 15. Nc2 Bf8 16. Ne3 Be6 17. Ncxd5 Nxd5 18. Nxd5 Bxd5 19. Bxd5 Qe7 20. Rc7 Qxe2 21. Qc3 1-0

[Event "NED-chT 0708"]
[Site "Netherlands"]
[Date "2007.10.06"]
[Round "2.6"]
[White "Smeets, Jan"]
[Black "Compagnie, Luc G"]
[Result "1-0"]
[WhiteElo "2538"]
[BlackElo "2276"]
[PlyCount "45"]
[EventDate "2007.09.15"]
[EventType "team-tourn"]
[EventRounds "9"]
[EventCountry "NED"]
[SourceTitle "EXT 2008"]
[Source "ChessBase"]
[SourceDate "2007.11.25"]
[SourceVersion "1"]
[SourceVersionDate "2007.11.25"]
[SourceQuality "1"]
[WhiteTeam "Hilversum HSG"]
[BlackTeam "Leiden LSG II"]
[WhiteTeamCountry "NED"]
[BlackTeamCountry "NED"]

1. e4 e6 2. d4 d5 3. Nc3 Bb4 4. e5 c5 5. a3 Bxc3+ 6. bxc3 Qc7 7. Qg4 f5 8. Qg3 cxd4 9. cxd4 Ne7 10. c3 b6 11. Bb5+ Nec6 12. a4 0-0 13. h4 Ba6 14. h5 Bxb5 15. axb5 Na5 16. Ba3 Rf7 17. Nh3 Qc8 18. Nf4 Nc4 19. h6 Nxa3 20. Rxa3 Re7 21. hxg7 Rxg7 22. Qh4 a5 23. Qf6 1-0

[Event "NED-chT 0708"]
[Site "Netherlands"]
[Date "2007.09.15"]
[Round "1.8"]
[White "Compagnie, Luc G"]
[Black "Van Ketel, Raoul"]
[Result "1/2-1/2"]
[WhiteElo "2276"]
[BlackElo "2323"]
[PlyCount "109"]
[EventDate "2007.09.15"]
[EventType "team-tourn"]
[EventRounds "9"]
[EventCountry "NED"]
[SourceTitle "CBM 120 Extra"]
[Source "ChessBase"]
[SourceDate "2007.11.01"]
[SourceVersion "1"]
[SourceVersionDate "2007.11.01"]
[SourceQuality "1"]
[WhiteTeam "Leiden LSG II"]
[BlackTeam "Leiden LSG"]
[WhiteTeamCountry "NED"]
[BlackTeamCountry "NED"]

1. f4 d5 2. Nf3 g6 3. g3 Bg7 4. Bg2 Nf6 5. 0-0 c6 6. c3 Qb6+ 7. Kh1 Bf5 8. Qb3 Nbd7 9. Qxb6 axb6 10. d3 Nc5 11. Na3 0-0 12. Nc2 Nxd3 13. exd3 Bxd3 14. Nce1 Bxf1 15. Bxf1 Nd7 16. Be3 Nc5 17. Bxc5 bxc5 18. Nd3 Ra5 19. a3 Rfa8 20. Re1 e6 21. Nf2 c4 22. Ne5 c5 23. Nd1 b5 24. Kg1 Bf8 25. Bh3 R8a6 26. Nd7 Be7 27. Ne5 b4 28. axb4 cxb4 29. Kf1 Ra1 30. Bg4 Rb1 31. h4 Raa1 32. Nc6 bxc3 33. Nxe7+ Kf8 34. bxc3 Kxe7 35. Ke2 Ra2+ 36. Ke3 Rg2 37. Kf3 Rd2 38. Ke3 Rd3+ 39. Kf2 d4 40. Be2 Rd2 41. cxd4 Rxd4 42. Nc3 Rb3 43. Rc1 Kd6 44. Nd1 Kc5 45. Ne3 c3 46. Nc2 Rd2 47. Ke3 Rb2 48. Bd3 Rg2 49. Kf3 Rh2 50. Ke3 Ra2 51. Nd4 Kb4 52. Nc2+ Kb3 53. Nd4+ Kb4 54. Nc2+ Kb3 55. Nd4+ 1/2-1/2

[Event "Leiden SB-ch playoff"]
[Site "Leiden"]
[Date "2006.08.29"]
[Round "2"]
[White "Compagnie, Luc G"]
[Black "Van Haastert, Edwin"]
[Result "0-1"]
[WhiteElo "2096"]
[BlackElo "2414"]
[PlyCount "72"]
[EventDate "2006.08.29"]
[EventType "match"]
[EventRounds "2"]
[EventCountry "NED"]
[SourceTitle "EXT 2012"]
[Source "ChessBase"]
[SourceDate "2011.11.24"]
[SourceVersion "1"]
[SourceVersionDate "2011.11.24"]
[SourceQuality "1"]

1. d4 Nf6 2. c4 Nc6 3. Nf3 e6 4. Nc3 Bb4 5. Qc2 d6 6. Bd2 0-0 7. a3 Bxc3 8. Bxc3 Qe7 9. e3 e5 10. d5 Nb8 11. Be2 Bg4 12. 0-0 Nbd7 13. b4 b5 14. Nh4 bxc4 15. e4 Nb6 16. a4 Nfxd5 17. Bxg4 Qxh4 18. Bf3 Nf6 19. a5 Nbd7 20. Bd2 d5 21. g3 Qh3 22. Bg2 Qe6 23. exd5 Nxd5 24. Qxc4 N7f6 25. Rac1 h6 26. Rfe1 Rfe8 27. Qh4 Rad8 28. Rc5 e4 29. Bh3 Qe7 30. Rec1 e3 31. fxe3 Ne4 32. Qxe7 Nxe7 33. Rxc7 Rxd2 34. Rxa7 Ng5 35. Bg2 Nf5 36. h4 Rxe3 0-1

[Event "Leiden SB-ch"]
[Site "Leiden"]
[Date "2006.05.23"]
[Round "2"]
[White "Groeneweg, Bart"]
[Black "Compagnie, Luc G"]
[Result "0-1"]
[WhiteElo "1929"]
[BlackElo "2096"]
[PlyCount "100"]
[EventDate "2006.05.16"]
[EventType "swiss"]
[EventRounds "7"]
[EventCountry "NED"]
[SourceTitle "EXT 2012"]
[Source "ChessBase"]
[SourceDate "2011.11.24"]
[SourceVersion "1"]
[SourceVersionDate "2011.11.24"]
[SourceQuality "1"]

1. e4 e6 2. d4 d5 3. e5 c5 4. c3 Nc6 5. Nf3 Bd7 6. Be2 f6 7. 0-0 fxe5 8. Nxe5 Nxe5 9. dxe5 g6 10. f4 Ne7 11. a4 Bg7 12. Be3 b6 13. g4 0-0 14. a5 Qc7 15. axb6 axb6 16. Rxa8 Rxa8 17. h4 Rf8 18. Na3 Qd8 19. Qe1 Bc6 20. Qg3 Qe8 21. Bd3 Kh8 22. Rf2 Qd8 23. Qh2 d4 24. cxd4 Nd5 25. Bc1 Nb4 26. Bxg6 Qxd4 27. Bd2 hxg6 28. h5 gxh5 29. Qxh5+ Kg8 30. Bc3 Qe3 31. Nc4 Qg3+ 32. Kf1 Nd3 33. Rh2 Rxf4+ 34. Ke2 Rf2+ 35. Rxf2 Qxf2+ 36. Kxd3 Qf1+ 37. Kd2 Qxc4 38. Qg6 Qe4 39. Qg5 Qd5+ 40. Kc1 b5 41. Ba5 Qxe5 42. Qd8+ Kh7 43. Qh4+ Kg8 44. Qd8+ Bf8 45. Qh4 Be4 46. g5 b4 47. Bd8 Bg6 48. Bf6 Qe3+ 49. Kd1 Qd3+ 50. Ke1 Qe4+ 0-1

[Event "Dieren op"]
[Site "Dieren"]
[Date "2004.07.28"]
[Round "2"]
[White "Compagnie, Luc G"]
[Black "Van den Berg, Harmen"]
[Result "1-0"]
[WhiteElo "2196"]
[BlackElo "2117"]
[PlyCount "91"]
[EventDate "2004.07.27"]
[EventType "swiss"]
[EventRounds "9"]
[EventCountry "NED"]
[SourceTitle "CBM 101 Extra"]
[Source "ChessBase"]
[SourceDate "2004.09.01"]
[SourceVersion "2"]
[SourceVersionDate "2004.09.01"]
[SourceQuality "1"]

1. d4 Nf6 2. c4 c5 3. d5 b5 4. cxb5 a6 5. bxa6 g6 6. Nc3 Bxa6 7. e4 Bxf1 8. Kxf1 d6 9. Nge2 Bg7 10. h3 Nbd7 11. Kg1 0-0 12. Kh2 Qa5 13. Rf1 Rfb8 14. Rb1 Nb6 15. b3 Ne8 16. Qc2 Nc7 17. Bd2 Na6 18. Qd1 Nb4 19. a4 e6 20. dxe6 fxe6 21. Na2 Rd8 22. Nxb4 cxb4 23. Qe1 d5 24. Bxb4 Qa6 25. exd5 exd5 26. Nf4 Re8 27. Qd2 Bh6 28. g3 Re4 29. Bc5 Rd8 30. Rfe1 Rxf4 31. gxf4 d4 32. Be7 Rd7 33. Bg5 Bg7 34. Re8+ Kf7 35. Rbe1 Nd5 36. f5 Qd6+ 37. Kh1 gxf5 38. Qd3 Qc6 39. Qxf5+ Nf6+ 40. Kh2 Qd6+ 41. Bf4 Qd5 42. Qxd5+ Nxd5 43. Bd2 d3 44. Rc8 Rb7 45. Rd8 Bc3 46. Bxc3 1-0

[Event "Dieren op"]
[Site "Dieren"]
[Date "2004.07.27"]
[Round "1"]
[White "Ernst, Sipke"]
[Black "Compagnie, Luc G"]
[Result "1-0"]
[WhiteElo "2517"]
[BlackElo "2196"]
[PlyCount "81"]
[EventDate "2004.07.27"]
[EventType "swiss"]
[EventRounds "9"]
[EventCountry "NED"]
[SourceTitle "CBM 101 Extra"]
[Source "ChessBase"]
[SourceDate "2004.09.01"]
[SourceVersion "2"]
[SourceVersionDate "2004.09.01"]
[SourceQuality "1"]

1. Nf3 Nf6 2. c4 e6 3. g3 d5 4. Bg2 Be7 5. 0-0 0-0 6. d4 dxc4 7. Qc2 a6 8. a4 Nc6 9. Qxc4 Bd7 10. Nc3 Na5 11. Qa2 Bc6 12. Rd1 Nd5 13. Ne5 Nxc3 14. bxc3 Bxg2 15. Kxg2 Qd5+ 16. f3 Qxa2 17. Rxa2 Rfd8 18. e4 f6 19. Ng4 Rd7 20. Ne3 Rad8 21. Bd2 b6 22. Be1 Kf7 23. f4 g6 24. Kf3 Bf8 25. Rb1 Be7 26. Rg2 Bf8 27. h4 Be7 28. h5 Bf8 29. Rh2 Nc6 30. d5 exd5 31. exd5 Na5 32. c4 Nb7 33. Ng4 gxh5 34. Rxh5 Kg6 35. f5+ Kg7 36. Bc3 Be7 37. Rbh1 Rh8 38. Bxf6+ Bxf6 39. Rxh7+ Rxh7 40. Rxh7+ Kxh7 41. Nxf6+ 1-0

[Event "Dieren op"]
[Site "Dieren"]
[Date "2003.07.30"]
[Round "8"]
[White "Wustefeld, Emile"]
[Black "Compagnie, Luc G"]
[Result "1/2-1/2"]
[WhiteElo "2321"]
[BlackElo "2197"]
[PlyCount "116"]
[EventDate "2003.07.22"]
[EventType "swiss"]
[EventRounds "9"]
[EventCountry "NED"]
[SourceTitle "CBM 095 Extra"]
[Source "ChessBase"]
[SourceDate "2003.09.04"]
[SourceVersion "1"]
[SourceVersionDate "2003.09.04"]
[SourceQuality "1"]

1. e4 d6 2. d4 Nf6 3. Nc3 g6 4. f4 Bg7 5. Nf3 c5 6. dxc5 Qa5 7. Qd3 Qxc5 8. Be3 Qa5 9. Qb5+ Qxb5 10. Bxb5+ Nbd7 11. 0-0-0 a6 12. Bc4 0-0 13. h3 Nb8 14. e5 Ne8 15. Rhe1 dxe5 16. fxe5 Nc6 17. Nd5 Be6 18. Nb6 Rd8 19. Bxe6 fxe6 20. Nd7 Rf5 21. Bg5 Rf7 22. Nc5 Rxd1+ 23. Kxd1 Rf5 24. Nxb7 Nxe5 25. Nxe5 Rxg5 26. Nd3 Rxg2 27. Rxe6 Kf7 28. Nd8+ Kf8 29. Re2 Rg1+ 30. Re1 Rxe1+ 31. Kxe1 Nc7 32. c3 Ke8 33. Nb7 Bh6 34. Ke2 Kd7 35. Nbc5+ Kc6 36. c4 Bg7 37. b4 Bc3 38. Ne4 Bg7 39. a4 Ne6 40. Ndc5 Nc7 41. Kd3 h5 42. Nb3 Ne6 43. Na5+ Kc7 44. c5 g5 45. Kc4 g4 46. hxg4 hxg4 47. b5 axb5+ 48. axb5 Bh6 49. b6+ Kc8 50. Nc6 Be3 51. Nxe7+ Kb8 52. Kb5 Nd4+ 53. Ka6 Bf4 54. c6 g3 55. Nd5 Nxc6 56. Nxf4 g2 57. Nxg2 Nb4+ 58. Kb5 Nd5 1/2-1/2

[Event "Dieren op"]
[Site "Dieren"]
[Date "2003.07.28"]
[Round "6"]
[White "Compagnie, Luc G"]
[Black "Diepeveen, Vincent"]
[Result "1/2-1/2"]
[WhiteElo "2197"]
[BlackElo "2310"]
[PlyCount "64"]
[EventDate "2003.07.22"]
[EventType "swiss"]
[EventRounds "9"]
[EventCountry "NED"]
[SourceTitle "CBM 095 Extra"]
[Source "ChessBase"]
[SourceDate "2003.09.04"]
[SourceVersion "1"]
[SourceVersionDate "2003.09.04"]
[SourceQuality "1"]

1. c4 c6 2. g3 d5 3. Bg2 Nf6 4. Nf3 Bf5 5. cxd5 cxd5 6. Qb3 Qb6 7. Qxb6 axb6 8. Nc3 e6 9. d3 Nc6 10. Nb5 Bb4+ 11. Bd2 0-0 12. a3 Be7 13. 0-0 e5 14. Rfe1 Rad8 15. Be3 d4 16. Bg5 h6 17. Bxf6 Bxf6 18. Nd2 Be6 19. Rec1 Bg5 20. Rc2 Bxd2 21. Rxd2 Na5 22. Rc2 Bb3 23. Rc7 Ba4 24. b4 Nc6 25. Bxc6 bxc6 26. Na7 c5 27. bxc5 bxc5 28. Rxc5 Ra8 29. Nc6 f6 30. Rb1 Bxc6 31. Rxc6 Rf7 32. Rb3 Rfa7 1/2-1/2